Bollards - Statistiken

Allgemein
  • Dieses Quiz wurde 16 mal gespielt
  • Das Durchschnittsergebnis liegt bei 10 aus 129
Antwortstatistiken
Bildquiz Antwort % Korrekt
Deutschland
50%
Australien
42%
Tschechien
42%
Frankreich
33%
Polen
33%
Slowakei
33%
Dänemark
25%
Japan
25%
Luxemburg
25%
Niederlande
25%
Österreich
25%
Senegal
25%
Slowenien
25%
Spanien
25%
Türkei
25%
Belgien
17%
Ecuador
17%
Finnland
17%
Irland
17%
Italien
17%
Kroatien
17%
Lettland
17%
Liechtenstein
17%
Litauen
17%
Montenegro
17%
Nordmazedonien
17%
Nordrheinwestfalen
17%
Queensland
17%
Russland
17%
Thailand
17%
Ungarn
17%
Albanien
8%
Alberta
8%
Andorra
8%
Bulgarien
8%
Estland
8%
Frankreich
8%
Griechenland
8%
Indonesien
8%
Jalisco
8%
Kambodscha
8%
Kirgisistan
8%
Laos
8%
Mexiko
8%
Montana
8%
Namibia
8%
Neuseeland
8%
Nevada
8%
Niedersachsen
8%
Norwegen
8%
Peru
8%
Portugal
8%
Quebec
8%
Rumänien
8%
San Marino
8%
Schweden
8%
Schweden
8%
Schweiz
8%
Serbien
8%
Singapur
8%
Slowakei
8%
South Dakota
8%
Taiwan
8%
Ungarn
8%
Vereinigtes Königreich
8%
Washington
8%
Westaustralien
8%
Western Australia
8%
Akita
0%
Akita
0%
Albanien
0%
Aomori
0%
Aragon
0%
Asturias
0%
Bangladesch
0%
Bayern
0%
Britisch Kolumbien
0%
Canterbury
0%
Chiang Mai
0%
Chugoku
0%
Dänemark
0%
Extremadura
0%
Färöer
0%
Frankreich
0%
Glarus
0%
Guatemala
0%
Hokkaido
0%
Isle of Man
0%
Kambodscha
0%
Kasachstan
0%
Katalonien
0%
Kirgisistan
0%
Kostroma
0%
Laos
0%
Las Palmas
0%
Lesotho
0%
Madeira
0%
Malaysia
0%
Manitoba
0%
Mongolei
0%
Moquegua
0%
Navarra
0%
Nayarit
0%
Nepal
0%
Okayama
0%
Qatar
0%
Queensland
0%
Reunion
0%
Ruanda
0%
Schottland
0%
Shikoku
0%
Skadar
0%
Skane
0%
South Australia
0%
Sri Lanka
0%
Südkorea
0%
Tohoku
0%
Toyama
0%
Umea
0%
Uruguay
0%
Valais
0%
Värmland
0%
Weihnachtsinsel
0%
Wellington
0%
Wisconsin
0%
Wyoming
0%
Zakarpattia
0%
Zentral Sulawesi
0%
Zypern
0%
Keine übereinstimmenden Quizze gefunden
Verteilung der Resultate
Anzahl Personen mit jedem Resultat
Perzentil nach korrekt beantworteten Fragen
Ihre Resultats-Entwicklung
Sie haben dieses Quiz noch nicht gespielt